000 00462nam a2200181Ia 4500
001 16036
005 20260306170240.0
008 260306t1996||||xx |||||||||||||| ||und||
041 _aESP
082 _a346.52
_bV75
100 _aVisintini, Giovanna
_eAUT
245 0 _aTratado de la responsabilidad civil:
_bel daño. Otros criterios de imputación
260 _c1996
300 _a
_c23 cm.
650 _aGEN
654 _aCDE
942 _cLIB
_dJUS
_fJUS
_2ddc
_n
999 _c16036
_d16036